| 000 | 00401nam a22001697a 4500 | ||
|---|---|---|---|
| 005 | 20160620170845.0 | ||
| 008 | 160620b xxu||||| |||| 00| 0 eng d | ||
| 020 | _a978-0-07-058194-4 | ||
| 041 | _aeng | ||
| 082 | _b8627 | ||
| 100 |
_aBelch, George E and Michael A _92298 |
||
| 245 | _aAdvertising and Promotion | ||
| 260 |
_bTMH _c2003 |
||
| 300 | _a779 | ||
| 650 |
_aManagement _9241 |
||
| 942 | _cBK | ||
| 999 |
_c3331 _d3330 |
||